000 00297nam a22001337a 4500
008 170310b xxu||||| |||| 00| 0 eng d
020 _a0815176589
041 _aeng
080 _a616.5
100 _a7
101 _aSHM
245 _aCOLOR ATLAS OF LIVER DISEASE
_cSHERLOCK. S
942 _2udc
_cBK
999 _c7626
_d7626